MARC

LEADER 00000nam0a2200000 4500
001 14204
005 20231101204932.0
010 |a 5895940234 
035 |a (RuTPU)RU\TPU\book\14294 
035 |a BOOK00014362 
090 |a 14204 
100 |a 20011209d1999 m y0rusy50 ca 
101 0 |a rus 
102 |a RU 
105 |a y j 000zy 
200 1 |a Металловедение покрытий  |e учебник  |f И. М. Ковенский, В. В. Поветкин 
210 |a Москва  |c СП Интермет Инжиниринг  |d 1999 
215 |a 296 с. 
606 1 |a Металловедение  |x Общие вопросы  |2 stltpush  |3 (RuTPU)RU\TPU\subj\42403  |9 62070 
610 1 |a электролитические покрытия 
610 1 |a строение 
610 1 |a свойства 
610 1 |a электроосаждение 
610 1 |a термическая обработка 
610 1 |a дисперсность 
610 1 |a дефектность 
610 1 |a текстура 
610 1 |a примесные включения 
610 1 |a остаточные напряжения 
610 1 |a учебники 
675 |a 669.017(075.8)  |v 3 
700 1 |a Ковенский  |b И. М.  |g Илья Моисеевич 
701 1 |a Поветкин  |b В. В.  |g Виктор Владимирович 
801 0 |a RU  |b 63413507  |c 20011209  |g PSBO 
801 2 |a RU  |b 63413507  |c 20201103  |g PSBO 
942 |c BK